Lexicography : (Record no. 22062)

MARC details
000 -LEADER
fixed length control field 01742cam a22003615a 4500
001 - CONTROL NUMBER
control field 13378722
003 - CONTROL NUMBER IDENTIFIER
control field EG-ScBUE
005 - DATE AND TIME OF LATEST TRANSACTION
control field 20220426094457.0
008 - FIXED-LENGTH DATA ELEMENTS--GENERAL INFORMATION
fixed length control field 020123r20032002enk f b 001 0 eng d
020 ## - INTERNATIONAL STANDARD BOOK NUMBER
International Standard Book Number 0415231736
020 ## - INTERNATIONAL STANDARD BOOK NUMBER
International Standard Book Number 9780415231732
035 ## - SYSTEM CONTROL NUMBER
System control number (OCoLC)ocm48884064
040 ## - CATALOGING SOURCE
Original cataloging agency UKM
Language of cataloging eng
Description conventions rda
Transcribing agency UKM
Modifying agency EG-ScBUE
082 04 - DEWEY DECIMAL CLASSIFICATION NUMBER
Classification number 413.028
Edition number 22
Item number JAC
100 1# - MAIN ENTRY--PERSONAL NAME
Personal name Jackson, Howard,‏
Dates associated with a name 1945-‏
Relator term author.
9 (RLIN) 40518
245 10 - TITLE STATEMENT
Title Lexicography :
Remainder of title an introduction /
Statement of responsibility, etc Howard Jackson.
250 ## - EDITION STATEMENT
Edition statement Reprinted edition.
264 #1 - PUBLICATION, DISTRIBUTION, ETC. (IMPRINT)
Place of publication, distribution, etc London ;
-- New York :
Name of publisher, distributor, etc Routledge,
Date of publication, distribution, etc 2003.
300 ## - PHYSICAL DESCRIPTION
Extent x, 190 pages ;
Dimensions 24 cm
336 ## - CONTENT TYPE
Source rdacontent
Content type term text
Content type code txt
337 ## - MEDIA TYPE
Source rdamedia
Media type term unmediated
Media type code n
338 ## - CARRIER TYPE
Source rdacarrier
Carrier type term volume
Carrier type code nc
504 ## - BIBLIOGRAPHY, ETC. NOTE
Bibliography, etc Includes bibliographical references and index.<br/>
505 ## - FORMATTED CONTENTS NOTE
Formatted contents note Words -- Facts about words -- The dictionary -- The beginnings -- The New English Dictionary -- Up to the present -- Users and uses -- Meaning in dictionaries --<br/> Beyond definition -- Etymology -- Dictionaries for learners -- Abandoning the alphabet -- Compiling dictionaries -- Criticising dictionaries.
520 ## - SUMMARY, ETC.
Summary, etc This text analyses a wide range of dictionaries, from those for native speakers to thematic dictionaries and those on CD-ROM, to reveal the ways in which dictionaries fulfil their dual function of describing the vocabulary of English and providing a useful and accessible reference resource.
650 #7 - SUBJECT ADDED ENTRY--TOPICAL TERM
9 (RLIN) 40520
Topical term or geographic name as entry element Lexicography.
Source of heading or term BUEsh
651 ## - SUBJECT ADDED ENTRY--GEOGRAPHIC NAME
Source of heading or term BUEsh
653 ## - INDEX TERM--UNCONTROLLED
Arrived date list July2016
Resource For college Humanities: English
653 ## - INDEX TERM--UNCONTROLLED
Resource For college Humanities: English
Arrived date list September2016
655 ## - INDEX TERM--GENRE/FORM
Form subdivision Reading book
9 (RLIN) 34232
856 41 - ELECTRONIC LOCATION AND ACCESS
Materials specified Table of contents only
Uniform Resource Identifier <a href="http://www.loc.gov/catdir/toc/fy041/2003274912.html">http://www.loc.gov/catdir/toc/fy041/2003274912.html</a>
942 ## - ADDED ENTRY ELEMENTS (KOHA)
Source of classification or shelving scheme Dewey Decimal Classification
Edition 22
Call number prefix 413.028 JAC
Koha item type Book - Borrowing
Holdings
Withdrawn status Lost status Source of classification or shelving scheme Damaged status Not for loan Collection code Home library Current library Shelving location Date acquired Source of acquisition Cost, normal purchase price Serial Enumeration / chronology Total Checkouts Total Renewals Full call number Barcode Date last seen Date checked out Cost, replacement price Price effective from Koha item type
    Dewey Decimal Classification     Baccah Central Library Central Library Second Floor 28/07/2016 Purchase 480.00 25868 1 12 413.028 JAC 000033063 15/07/2025 28/12/2017 600.00 28/07/2016 Book - Borrowing
    Dewey Decimal Classification     Baccah Central Library Central Library Second Floor 25/09/2016 Purchase 510.00 26103     413.028 JAC 000033508 15/07/2025   638.00 25/09/2016 Book - Borrowing